|
|
|
|
| LEADER |
01273nam a22003254a 4500 |
| 001 |
31373 |
| 003 |
BD-DhAAL |
| 005 |
20161010121058.0 |
| 008 |
161010s2003 njua b 101 0 eng |
| 010 |
|
|
|a 2002072854
|
| 020 |
|
|
|a 0691092699
|
| 020 |
|
|
|a 0691092680 (cl : alk. paper)
|
| 020 |
|
|
|a 0691092699 (pbk : alk. paper)
|
| 040 |
|
|
|a DLC
|c DLC
|d DLC
|d BD-DhAAL
|
| 050 |
0 |
0 |
|a HD73
|b .I52 2003
|
| 082 |
0 |
0 |
|a 338.9
|2 21
|
| 245 |
0 |
0 |
|a In search of prosperity :
|b analytic narratives on economic growth /
|c edited by Dani Rodrik.
|
| 246 |
3 |
0 |
|a Analytic narratives on economic growth
|
| 260 |
|
|
|a Princeton :
|b Princeton University Press,
|c c2003.
|
| 300 |
|
|
|a vi, 481 p. :
|b ill. ; 24 cm.
|
| 500 |
|
|
|a Revisions of papers presented at a conference held at Harvard University, 2001.
|
| 504 |
|
|
|a Includes bibliographical references and index.
|
| 526 |
|
|
|a BIGD
|
| 541 |
|
|
|e 31373
|
| 650 |
|
0 |
|a Economic development
|v Congresses.
|9 20625
|
| 651 |
|
0 |
|a Developing countries
|x Economic conditions
|v Congresses.
|9 20626
|
| 700 |
1 |
|
|a Rodrik, Dani.
|9 20627
|
| 942 |
|
|
|2 ddc
|c BK
|
| 999 |
|
|
|c 37836
|d 37836
|
| 952 |
|
|
|0 0
|1 0
|2 ddc
|4 0
|6 338_900000000000000_INS
|7 0
|9 59675
|a IGS
|b IGS
|c GEN
|d 2016-09-25
|e Trim Education
|g 5241.00
|l 0
|o 338.9 INS
|p 3010031373
|r 2016-10-02
|t 1
|v 5241.00
|w 2016-09-25
|y BK
|